<?xml version="1.0" encoding="UTF-8"?>
<record
    xmlns:xsi="http://www.w3.org/2001/XMLSchema-instance"
    xsi:schemaLocation="http://www.loc.gov/MARC21/slim http://www.loc.gov/standards/marcxml/schema/MARC21slim.xsd"
    xmlns="http://www.loc.gov/MARC21/slim">

  <leader>01460nam a22002537a 4500</leader>
  <controlfield tag="003">SISC</controlfield>
  <controlfield tag="005">20180503104059.0</controlfield>
  <controlfield tag="008">180503b        xxu||||| |||| 00| 0 eng d</controlfield>
  <datafield tag="020" ind1=" " ind2=" ">
    <subfield code="a">9788936462192</subfield>
  </datafield>
  <datafield tag="020" ind1=" " ind2=" ">
    <subfield code="a">9788936462994</subfield>
  </datafield>
  <datafield tag="050" ind1=" " ind2=" ">
    <subfield code="a">PL 992.2</subfield>
    <subfield code="b">.C65 2005</subfield>
  </datafield>
  <datafield tag="100" ind1=" " ind2=" ">
    <subfield code="a">Choi, Won Sik</subfield>
  </datafield>
  <datafield tag="245" ind1=" " ind2=" ">
    <subfield code="a">Wing, Love guest and mother, Chang, Jae-ssi, Maekwon = &#xB0A0;&#xAC1C;/&#xC0AC;&#xB791;&#xC190;&#xB2D8;&#xACFC; &#xC5B4;&#xBA38;&#xB2C8;/&#xC7A5;&#xC0BC;&#xC774;&#xC0AC;/&#xB9C8;&#xAD8C; &#xC678; /</subfield>
    <subfield code="c"> Choi Won Sik ... [et al.]</subfield>
  </datafield>
  <datafield tag="260" ind1=" " ind2=" ">
    <subfield code="a">Paju, South Korea:</subfield>
    <subfield code="b">Changbi Publishers,</subfield>
    <subfield code="c">2005.</subfield>
  </datafield>
  <datafield tag="300" ind1=" " ind2=" ">
    <subfield code="a">335 pages:</subfield>
    <subfield code="b">color illustrations; </subfield>
    <subfield code="c">22 cm.</subfield>
  </datafield>
  <datafield tag="440" ind1=" " ind2=" ">
    <subfield code="a">20th century Korean novel </subfield>
    <subfield code="v">no. 9</subfield>
  </datafield>
  <datafield tag="500" ind1=" " ind2=" ">
    <subfield code="a">Publisher's Review: In the &lt;20th Century Korean Novel&gt; Volume 9, the most representative modernist, Choi Myung-ik, and major works by Kwang Sup, Hyun Kyung Jun and Yu Yehrim. It is said that Choi Myung-ik's "rainy road", which delicately depicts the conflicts of the characters who can not compromise with reality, and "wing", " Through the "Omari" of Hyun Kyung-Jun, who shows the vision of breakthrough through the bond of love and mother, "Anemone's Madam" and the rough seafarers, who achieved excellent aesthetic accomplishment with a unique viewpoint, You can look at various branches at a glance.</subfield>
  </datafield>
  <datafield tag="650" ind1=" " ind2=" ">
    <subfield code="2">Library of Congress Subject Headings</subfield>
    <subfield code="a">Korean short story</subfield>
  </datafield>
  <datafield tag="700" ind1=" " ind2=" ">
    <subfield code="a">Choi, Won Sik</subfield>
  </datafield>
  <datafield tag="700" ind1=" " ind2=" ">
    <subfield code="a">Choi, Myung-ik</subfield>
  </datafield>
  <datafield tag="700" ind1=" " ind2=" ">
    <subfield code="a">Hyun, Kyung Jun</subfield>
  </datafield>
  <datafield tag="942" ind1=" " ind2=" ">
    <subfield code="2">lcc</subfield>
    <subfield code="c">BK</subfield>
  </datafield>
  <datafield tag="999" ind1=" " ind2=" ">
    <subfield code="c">356397</subfield>
    <subfield code="d">356397</subfield>
  </datafield>
  <datafield tag="952" ind1=" " ind2=" ">
    <subfield code="0">0</subfield>
    <subfield code="1">0</subfield>
    <subfield code="2">lcc</subfield>
    <subfield code="4">0</subfield>
    <subfield code="a">LUX</subfield>
    <subfield code="b">LUX</subfield>
    <subfield code="c">IB</subfield>
    <subfield code="d">2018-05-03</subfield>
    <subfield code="e">Library Fund</subfield>
    <subfield code="k">IB</subfield>
    <subfield code="l">0</subfield>
    <subfield code="o">PL 992.2 .C65 2005</subfield>
    <subfield code="p">IB0265</subfield>
    <subfield code="r">2018-05-03 00:00:00</subfield>
    <subfield code="t">1</subfield>
    <subfield code="w">2018-05-03</subfield>
    <subfield code="y">BK</subfield>
  </datafield>
  <datafield tag="952" ind1=" " ind2=" ">
    <subfield code="0">0</subfield>
    <subfield code="1">0</subfield>
    <subfield code="2">lcc</subfield>
    <subfield code="4">0</subfield>
    <subfield code="a">LUX</subfield>
    <subfield code="b">LUX</subfield>
    <subfield code="c">IB</subfield>
    <subfield code="d">2018-05-03</subfield>
    <subfield code="e">Library Fund</subfield>
    <subfield code="k">IB</subfield>
    <subfield code="l">0</subfield>
    <subfield code="o">PL 992.2 .C65 2005</subfield>
    <subfield code="p">IB0266</subfield>
    <subfield code="r">2018-05-03 00:00:00</subfield>
    <subfield code="t">2</subfield>
    <subfield code="w">2018-05-03</subfield>
    <subfield code="y">BK</subfield>
  </datafield>
  <datafield tag="952" ind1=" " ind2=" ">
    <subfield code="0">0</subfield>
    <subfield code="1">0</subfield>
    <subfield code="2">lcc</subfield>
    <subfield code="4">0</subfield>
    <subfield code="a">LUX</subfield>
    <subfield code="b">LUX</subfield>
    <subfield code="c">IB</subfield>
    <subfield code="d">2018-05-03</subfield>
    <subfield code="e">Library Fund</subfield>
    <subfield code="k">IB</subfield>
    <subfield code="l">1</subfield>
    <subfield code="o">PL 992.2 .C65 2005</subfield>
    <subfield code="p">IB0267</subfield>
    <subfield code="r">2024-04-29 00:00:00</subfield>
    <subfield code="s">2024-04-29</subfield>
    <subfield code="t">3</subfield>
    <subfield code="w">2018-05-03</subfield>
    <subfield code="y">BK</subfield>
  </datafield>
</record>
